LIBRARY & INFORMATION CENTRE, KCAET, TAVANUR

ONLINE PUBLIC ACCESS CATALOGUE (OPAC)

Thermal engineering data handbook / (Record no. 13233)

MARC details
000 -LEADER
fixed length control field 00551cam a2200205ua 4500
041 ## - LANGUAGE CODE
Language code of text/sound track or separate title eng
082 ## - DEWEY DECIMAL CLASSIFICATION NUMBER
Classification number 621.402
Item number RED/TH
100 ## - MAIN ENTRY--AUTHOR NAME
Personal name Reddy, Sreenivasa B .
245 ## - TITLE STATEMENT
Title Thermal engineering data handbook /
260 ## - PUBLICATION, DISTRIBUTION, ETC. (IMPRINT)
Place of publication New Delhi :
Name of publisher I.K International Publishing House ,
Year of publication 2007.
300 ## - PHYSICAL DESCRIPTION
Number of Pages 231 ; .
700 1# - ADDED ENTRY--PERSONAL NAME
Personal name Reddy, Hemachandra K .
942 ## - ADDED ENTRY ELEMENTS (KOHA)
Koha item type Books
Holdings
Withdrawn status Lost status Damaged status Home library Current library Date acquired Full call number Accession Number Koha item type
      KAUAET KAUAET 07/04/2012 621.402 RED/TH 21835 Books
      KAUAET KAUAET 07/04/2012 621.402 RED/TH 21836 Books
      KAUAET KAUAET 07/04/2012 621.402 RED/TH 21651 Books
free website counter